[Event "8. Lovsprings EMT Basis 2 1996"]
[Site "Ringsted"]
[Date "1996.03.08"]
[Round "1"]
[White "Andersson, Martin"]
[Black "Jorgensen, Morten"]
[Result "0-1"]
[WhiteElo "1611"]
[BlackElo "1461"]
[PlyCount "72"]
[EventDate "1996.??.??"]

1. e4 c5 2. Nf3 d6 3. d4 cxd4 4. Nxd4 Nf6 5. Nc3 Nc6 6. Be3 e6 7. Be2 Be7 8.
O-O O-O 9. Qd2 a6 10. Rfd1 Qc7 11. f3 Rd8 12. Qe1 d5 13. exd5 Nxd5 14. Nxd5
Rxd5 15. Nxc6 Qxc6 16. Rxd5 Qxd5 17. Rd1 Qxa2 18. Bc5 Bxc5+ 19. Kh1 b5 20. Rd8+
Bf8 21. h3 Qxb2 22. Bd3 Bb7 23. Qh4 g6 24. Rd7 Bd5 25. Qf4 Qg7 26. g4 Bc5 27.
Kg2 Rf8 28. h4 Qd4 29. Qxd4 Bxd4 30. Rd6 Ra8 31. Kh3 Bc5 32. Rd7 Bxf3 33. Kg3
Bd5 34. h5 gxh5 35. gxh5 h6 36. Kf4 Bd4 0-1

[Event "8. Lovsprings EMT Basis 2 1996"]
[Site "Ringsted"]
[Date "1996.03.08"]
[Round "1"]
[White "Jensen, Dan Bronnum"]
[Black "Hansen, Jens Boysen"]
[Result "0-1"]
[WhiteElo "1492"]
[BlackElo "1649"]
[PlyCount "142"]
[EventDate "1996.??.??"]

1. c4 e5 2. Nc3 Nf6 3. Nf3 Nc6 4. g3 Bc5 5. Bg2 d6 6. O-O Ne7 7. d4 exd4 8.
Nxd4 c6 9. Bg5 Bxd4 10. Qxd4 Nf5 11. Qd3 h6 12. Bxf6 Qxf6 13. e4 Nd4 14. Rad1
c5 15. Nd5 Qd8 16. b4 O-O 17. bxc5 dxc5 18. Kh1 Bg4 19. Rd2 Be6 20. Nf4 Qa5 21.
Rc1 Rad8 22. Qc3 Qc7 23. Rb2 b6 24. h3 Qe5 25. Nd3 Qh5 26. Nf4 Qg5 27. Re1 Rd7
28. Ne2 Nxe2 29. Rbxe2 Rd4 30. f4 Qe7 31. f5 Bxc4 32. Rf2 f6 33. Qe3 Rd3 34.
Qf4 Qe5 35. Qxe5 fxe5 36. g4 Rd4 37. h4 Rf6 38. g5 hxg5 39. hxg5 Rfd6 40. Kh2
Rd2 41. Rxd2 Rxd2 42. a3 Rd3 43. Ra1 Bb3 44. Bf1 Rd1 45. Rxd1 Bxd1 46. Kg2 Bb3
47. Kf2 Kf7 48. Ke3 Ke7 49. Kd2 Kd6 50. Kc3 Bg8 51. Bb5 Kc7 52. Kd3 Kd6 53. Kc3
Ke7 54. Kd3 Bf7 55. g6 Bg8 56. Kc3 Kf6 57. Kd3 Kg5 58. Kc3 Kf4 59. Bc6 a6 60.
Bb7 a5 61. Bc6 b5 62. Bxb5 Kxe4 63. Bd3+ Kf4 64. f6 gxf6 65. g7 e4 66. Bc4 Bh7
67. g8=Q Bxg8 68. Bxg8 e3 69. Bc4 Kf3 70. Kc2 f5 71. Kd1 Kf2 0-1

[Event "8. Lovsprings EMT Basis 2 1996"]
[Site "Ringsted"]
[Date "1996.03.08"]
[Round "1"]
[White "Jorgensen, Mikkel"]
[Black "Riise, Kim"]
[Result "1-0"]
[WhiteElo "1600"]
[BlackElo "1470"]
[PlyCount "67"]
[EventDate "1996.??.??"]

1. d4 Nf6 2. f3 g6 3. e4 d6 4. Be3 Bg7 5. Nc3 O-O 6. Bc4 Nc6 7. Nge2 e5 8. d5
Ne7 9. Qd2 Kh8 10. g4 Nfg8 11. h4 h6 12. O-O-O Bd7 13. Ng3 a6 14. Bxh6 Nxh6 15.
g5 Nhf5 16. exf5 Nxf5 17. Nxf5 Bxf5 18. h5 gxh5 19. Rxh5+ Kg8 20. Bd3 Bg6 21.
Bxg6 fxg6 22. Rh3 Qd7 23. Rdh1 Kf7 24. Ne4 Rh8 25. Rh7 Rxh7 26. Rxh7 Rh8 27.
Qh2 Rxh7 28. Qxh7 Qf5 29. Qh1 Bf8 30. b3 Qf4+ 31. Kb2 Bg7 32. Qh7 Qxf3 33. Nf6
e4 34. Qg8+ 1-0

[Event "8. Lovsprings EMT Basis 2 1996"]
[Site "Ringsted"]
[Date "1996.03.08"]
[Round "1"]
[White "Kroyer, Stefan M"]
[Black "Jensen, Arne Skov"]
[Result "1/2-1/2"]
[WhiteElo "1497"]
[BlackElo "1540"]
[PlyCount "85"]
[EventDate "1996.??.??"]

1. d4 d5 2. c4 c6 3. Nc3 g6 4. Nf3 Bg7 5. e3 Nf6 6. h3 O-O 7. Qb3 e6 8. cxd5
exd5 9. Bd3 Qe7 10. Qc2 Be6 11. a4 a5 12. b3 Na6 13. Bxa6 Rxa6 14. Ba3 Qe8 15.
Bxf8 Bxf8 16. O-O Bf5 17. Qe2 Bb4 18. Na2 Bd6 19. Nh4 Qe6 20. Nxf5 Qxf5 21. Qf3
Qe6 22. Nc3 Bb4 23. Rac1 Ra8 24. Rfe1 Ne4 25. Nxe4 dxe4 26. Qg4 Qxg4 27. hxg4
Bxe1 28. Rxe1 f6 29. Rc1 Rd8 30. Kh2 Kf7 31. Rc5 Rd5 32. Rxd5 cxd5 33. Kg3 g5
34. f3 Ke6 35. fxe4 dxe4 36. Kf2 f5 37. gxf5+ Kxf5 38. Kg3 h5 39. Kh3 Ke6 40.
g3 Kd5 41. Kg2 Kc6 42. Kf2 Kd6 43. Kg2 1/2-1/2

[Event "8. Lovsprings EMT Basis 2 1996"]
[Site "Ringsted"]
[Date "1996.03.08"]
[Round "1"]
[White "Nielsen, Carl Otto"]
[Black "Birk, Birger"]
[Result "1-0"]
[WhiteElo "1658"]
[BlackElo "1543"]
[PlyCount "81"]
[EventDate "1996.??.??"]

1. d4 Nf6 2. c4 c5 3. d5 b5 4. e3 g6 5. Nf3 d6 6. cxb5 a6 7. Nc3 Bg7 8. Bc4 O-O
9. O-O Nbd7 10. bxa6 Bxa6 11. Bxa6 Rxa6 12. Qe2 Qa8 13. e4 Rb8 14. Nd2 Nb6 15.
a3 Na4 16. Nxa4 Rxa4 17. b3 Nd7 18. Rb1 Ra7 19. Nc4 Rab7 20. Qd3 Qa6 21. Qc2
Nb6 22. Nxb6 Rxb6 23. Rd1 Qb7 24. Bg5 h6 25. Be3 Rxb3 26. Rxb3 Qxb3 27. Qd2 Ra8
28. Rf1 g5 29. Qe2 Rxa3 30. Qg4 e6 31. h4 Ra8 32. hxg5 h5 33. Qxh5 exd5 34. g6
fxg6 35. Qxg6 d4 36. Bh6 Qf7 37. Qxd6 Bxh6 38. Qxh6 c4 39. Qg5+ Kh7 40. g3 d3
41. Kg2 1-0

[Event "8. Lovsprings EMT Basis 2 1996"]
[Site "Ringsted"]
[Date "1996.03.08"]
[Round "1"]
[White "Paustian, Dennis"]
[Black "Kristensen, Benny"]
[Result "1/2-1/2"]
[WhiteElo "1517"]
[BlackElo "1523"]
[PlyCount "39"]
[EventDate "1996.??.??"]

1. e4 c5 2. Nf3 d6 3. d4 cxd4 4. Nxd4 Nf6 5. Nc3 a6 6. Bg5 e6 7. Bd3 Be7 8. O-O
O-O 9. a3 Nbd7 10. b4 Qc7 11. Nce2 b5 12. Ng3 Bb7 13. Qe2 Rac8 14. Rfc1 Ne5 15.
Nf3 Nxf3+ 16. Qxf3 d5 17. exd5 Nxd5 18. Bxe7 Qxe7 19. Qg4 Nf6 20. Qe2 1/2-1/2

[Event "8. Lovsprings EMT Basis 2 1996"]
[Site "Ringsted"]
[Date "1996.03.08"]
[Round "1"]
[White "Svava, Mogens"]
[Black "Petersen, Jesper"]
[Result "1-0"]
[WhiteElo "1598"]
[BlackElo "1634"]
[PlyCount "117"]
[EventDate "1996.??.??"]

1. f4 d5 2. Nf3 g6 3. d4 Bg7 4. Be3 Nc6 5. Nbd2 Bf5 6. c3 Nf6 7. h3 h5 8. Bf2
Qd6 9. g3 b5 10. Bg2 b4 11. Qa4 Bd7 12. Qc2 O-O 13. Ne5 bxc3 14. bxc3 Rab8 15.
Nxd7 Qxd7 16. O-O Rb6 17. Rab1 Rfb8 18. Rb3 Na5 19. Rxb6 Rxb6 20. Rb1 Qe6 21.
e4 dxe4 22. Nxe4 Nxe4 23. Qxe4 Qxe4 24. Bxe4 Nc4 25. Rb4 Rxb4 26. cxb4 Nd2 27.
Bb7 e6 28. b5 Nc4 29. a4 Nd6 30. Bc6 Nf5 31. d5 Bd4 32. dxe6 fxe6 33. Be4 Kf7
34. Bxf5 Bxf2+ 35. Kxf2 exf5 36. Ke3 Ke6 37. Kd4 Kd6 38. a5 c6 39. bxc6 Kxc6
40. Ke5 Kb5 41. Kf6 Kxa5 42. Kxg6 Kb5 43. Kxf5 a5 44. Kg6 a4 45. f5 a3 46. f6
a2 47. f7 a1=Q 48. f8=Q Qd1 49. Qf5+ Kc6 50. Kh6 Kd6 51. Qxh5 Qd2+ 52. Qg5 Qg2
53. h4 Ke6 54. Qf4 Qb2 55. h5 Qh8+ 56. Kg5 Qg7+ 57. Kh4 Qb2 58. g4 Qg7 59. Qf5+
1-0

[Event "8. Lovsprings EMT Basis 2 1996"]
[Site "Ringsted"]
[Date "1996.03.15"]
[Round "2"]
[White "Andersson, Martin"]
[Black "Kroyer, Stefan M"]
[Result "0-1"]
[WhiteElo "1611"]
[BlackElo "1497"]
[PlyCount "122"]
[EventDate "1996.??.??"]

1. e4 c6 2. d4 d5 3. Nd2 dxe4 4. Nxe4 Bf5 5. Ng3 Bg6 6. c3 e6 7. Bd3 Bxd3 8.
Qxd3 Nd7 9. N1e2 Ngf6 10. Bf4 Be7 11. O-O Nd5 12. Ne4 Nxf4 13. Nxf4 Nf6 14.
Nxf6+ Bxf6 15. Nh5 O-O 16. Qg3 g6 17. Nxf6+ Qxf6 18. Rfe1 Rfd8 19. Re3 Qf5 20.
Rae1 Qb5 21. R1e2 c5 22. Rd2 cxd4 23. cxd4 Qb4 24. Red3 Rac8 25. h4 Rc1+ 26.
Kh2 Rc4 27. Qe3 Qd6+ 28. g3 Qd5 29. Qg5 Rc1 30. Qxd5 Rxd5 31. Rc3 Rxc3 32. bxc3
b5 33. Re2 Kf8 34. Re5 Rxe5 35. dxe5 Ke7 36. Kg2 Kd7 37. Kf3 Kc6 38. Ke4 Kc5
39. Kd3 b4 40. c4 a6 41. g4 h6 42. f3 a5 43. f4 a4 44. h5 gxh5 45. gxh5 b3 46.
a3 b2 47. Kc2 Kxc4 48. Kxb2 Kd3 49. Kc1 Kc3 50. Kd1 Kb3 51. Kd2 Kxa3 52. Kc3
Ka2 53. Kc2 a3 54. Kc1 Kb3 55. Kb1 Kc4 56. Ka2 Kd4 57. Kxa3 Ke4 58. Kb3 Kxf4
59. Kc3 Kxe5 60. Kd3 f5 61. Ke3 Kf6 0-1

[Event "8. Lovsprings EMT Basis 2 1996"]
[Site "Ringsted"]
[Date "1996.03.15"]
[Round "2"]
[White "Birk, Birger"]
[Black "Jensen, Dan Bronnum"]
[Result "0-1"]
[WhiteElo "1543"]
[BlackElo "1492"]
[PlyCount "180"]
[EventDate "1996.??.??"]

1. e4 e5 2. Bc4 Nc6 3. d3 h6 4. Nc3 Nf6 5. Nge2 d6 6. Ng3 Bg4 7. f3 Bd7 8. Be3
Be7 9. Qd2 Qc8 10. O-O-O Na5 11. Rdf1 Nxc4 12. dxc4 Be6 13. Qd3 b6 14. Nf5 Bxf5
15. exf5 Qd7 16. g4 O-O-O 17. h4 Qc6 18. Nd5 Qe8 19. Qa3 Nxd5 20. cxd5 Kb7 21.
Rd1 Qb5 22. Qc3 c6 23. dxc6+ Qxc6 24. Qxc6+ Kxc6 25. Rd3 d5 26. Bf2 Rhe8 27.
Bg3 Bc5 28. Re1 f6 29. a3 a5 30. g5 hxg5 31. hxg5 Rd7 32. c3 Red8 33. Kc2 Rh8
34. b4 axb4 35. axb4 Bd6 36. Red1 Be7 37. b5+ Kxb5 38. Rxd5+ Rxd5 39. Rxd5+ Kc6
40. c4 Rh3 41. gxf6 gxf6 42. Bxe5 Rxf3 43. Bd4 Ra3 44. Rb5 Ra6 45. Kd3 Bd8 46.
Bc3 Ra7 47. Rd5 Be7 48. Ke4 Ra4 49. Kd3 Ra3 50. Rb5 Bd6 51. Kc2 Be7 52. Kd3 Ra2
53. Bd4 Bd8 54. Rd5 Be7 55. Rb5 Ra3+ 56. Ke4 Bc5 57. Bxf6 Re3+ 58. Kf4 Re2 59.
Rb2 Re1 60. Rc2 Kd7 61. Rd2+ Ke8 62. Bd4 Bd6+ 63. Kg5 Bc7 64. Kg6 Re4 65. f6
Rg4+ 66. Kh5 Rf4 67. Kg5 Rf1 68. Rf2 Rg1+ 69. Kf5 Kf7 70. Ke4 Re1+ 71. Kd5 Rd1
72. Re2 Bd8 73. Rf2 Bc7 74. Rg2 Kf8 75. Rg7 Bd8 76. Ke6 Rxd4 77. Rf7+ Ke8 78.
Rh7 Re4+ 79. Kf5 Rxc4 80. Rh8+ Kd7 81. Rh7+ Kc6 82. f7 Be7 83. Rh6+ Kc5 84. Re6
Bf8 85. Re8 Bg7 86. Rg8 Bh6 87. Rh8 Rf4+ 88. Ke6 Bg7 89. Rh7 Bd4 90. Rh5+ Kc4
0-1

[Event "8. Lovsprings EMT Basis 2 1996"]
[Site "Ringsted"]
[Date "1996.03.15"]
[Round "2"]
[White "Hansen, Jens Boysen"]
[Black "Svava, Mogens"]
[Result "0-1"]
[WhiteElo "1649"]
[BlackElo "1598"]
[PlyCount "150"]
[EventDate "1996.??.??"]

1. e4 c5 2. Bc4 e6 3. Nf3 a6 4. O-O b5 5. Be2 Bb7 6. d3 d5 7. exd5 exd5 8. Re1
Bd6 9. d4 Ne7 10. Bg5 c4 11. a3 O-O 12. Nc3 f6 13. Be3 Qc7 14. g3 Nbc6 15. Bf1
Rae8 16. Ne2 Bc8 17. Bf4 Ng6 18. Bxd6 Qxd6 19. Nc3 Re6 20. Rxe6 Bxe6 21. Bg2
Re8 22. Qd2 Kf8 23. Re1 Bf5 24. Rxe8+ Kxe8 25. Qe2+ Kd8 26. Qd2 Kc7 27. Ne1
Nge7 28. Ne2 g5 29. c3 Na5 30. Nc1 Nac6 31. Nc2 Bxc2 32. Qxc2 Qe6 33. Ne2 Kd6
34. Kh1 Qf5 35. Qxf5 Nxf5 36. Bh3 Ng7 37. g4 a5 38. Bg2 b4 39. axb4 axb4 40.
Kg1 b3 41. Kf1 Ne7 42. Ke1 f5 43. h3 f4 44. Ng1 Ng6 45. Nf3 h6 46. Nd2 Nh4 47.
Bf3 Ne8 48. Be2 Nf6 49. Bf3 Nd7 50. Kd1 Nf8 51. Ke2 Nfg6 52. Nb1 Nxf3 53. Kxf3
Nh4+ 54. Ke2 f3+ 55. Ke3 Ng2+ 56. Kxf3 Ne1+ 57. Ke2 Nd3 58. Ke3 Nf4 59. Nd2
Nxh3 60. Nf1 Nf4 61. Nd2 Nd3 62. Nxb3 Nxb2 63. Nc1 Nd1+ 64. Kd2 Nxf2 65. Ne2
Nxg4 66. Ke1 Nf6 67. Ng3 Ke6 68. Kf2 Ne4+ 69. Nxe4 dxe4 70. Kg3 h5 71. Kh3 e3
72. Kg3 g4 73. Kg2 Kd5 74. Kf1 h4 75. Ke2 h3 0-1

[Event "8. Lovsprings EMT Basis 2 1996"]
[Site "Ringsted"]
[Date "1996.03.15"]
[Round "2"]
[White "Jensen, Arne Skov"]
[Black "Paustian, Dennis"]
[Result "1-0"]
[WhiteElo "1540"]
[BlackElo "1517"]
[PlyCount "75"]
[EventDate "1996.??.??"]

1. c4 e5 2. g3 g6 3. Bg2 Bg7 4. Nc3 c6 5. Nf3 d6 6. d3 Nf6 7. O-O O-O 8. Bg5
Be6 9. Nd2 Nbd7 10. Qb3 Qc7 11. Rac1 Nc5 12. Qa3 a5 13. Bxf6 Bxf6 14. Nce4 Nxe4
15. Nxe4 Be7 16. Qc3 d5 17. cxd5 Bxd5 18. a3 Bxe4 19. Bxe4 Bd6 20. Qd2 Qe7 21.
Qh6 f5 22. Bg2 Qf6 23. Qe3 Qe7 24. Rc4 f4 25. Qb6 fxg3 26. hxg3 Rf6 27. Bf3 Qc7
28. Qb3 Kh8 29. Kg2 Raf8 30. Rh1 R8f7 31. Qd1 Qd8 32. Qd2 Qf8 33. Qxa5 Rxf3 34.
exf3 Rxf3 35. Qd2 Qf5 36. Re4 Bc5 37. Rf1 Bd4 38. Qe2 1-0

[Event "8. Lovsprings EMT Basis 2 1996"]
[Site "Ringsted"]
[Date "1996.03.15"]
[Round "2"]
[White "Jorgensen, Morten"]
[Black "Jorgensen, Mikkel"]
[Result "0-1"]
[WhiteElo "1461"]
[BlackElo "1600"]
[PlyCount "130"]
[EventDate "1996.??.??"]

1. d4 Nf6 2. c4 e5 3. e3 d6 4. Nc3 Nbd7 5. Bd3 c6 6. Nge2 Be7 7. Qc2 Qc7 8. Bd2
a6 9. a4 a5 10. O-O O-O 11. Rac1 Re8 12. Rfe1 Bf8 13. Ng3 g6 14. Be4 Nxe4 15.
Ngxe4 Bg7 16. d5 f5 17. Ng5 Nc5 18. f3 Bf6 19. e4 f4 20. Nh3 Bxh3 21. gxh3 Qg7
22. Re2 Qh6 23. Kg2 Re7 24. Nd1 Qg5+ 25. Kh1 Qh5 26. Kg2 Bh4 27. Be1 Qg5+ 28.
Kh1 Bxe1 29. Rxe1 Qh4 30. Nf2 Nxa4 31. Rg1 Nc5 32. Rg4 Qf6 33. Rcg1 a4 34. Rg5
Rg7 35. h4 h5 36. Ra1 Nb3 37. Rd1 Nd4 38. Qd3 c5 39. Rdg1 Kh7 40. Nd1 Qd8 41.
Qf1 Qb6 42. Qg2 Rag8 43. Rf1 Qb3 44. Nc3 Qxc4 45. Ra1 b5 46. Rg1 a3 47. Nxb5
Nxb5 48. bxa3 Nxa3 49. Qh3 Qe2 50. Qf1 Qxf1 51. Rxf1 Nc4 52. Rf2 Ne3 53. Rg1
Rb7 54. Re2 Rgb8 55. Ree1 Rb2 56. Ra1 c4 57. Ra6 R8b6 58. Ra7+ Rb7 59. Ra6 R2b6
60. Ra3 Rb1 61. Ra6 c3 62. Rc6 c2 63. Rxd6 Rxg1+ 64. Kxg1 c1=Q+ 65. Kf2 Qf1#
0-1

[Event "8. Lovsprings EMT Basis 2 1996"]
[Site "Ringsted"]
[Date "1996.03.15"]
[Round "2"]
[White "Kristensen, Benny"]
[Black "Nielsen, Carl Otto"]
[Result "1-0"]
[WhiteElo "1523"]
[BlackElo "1658"]
[PlyCount "111"]
[EventDate "1996.??.??"]

1. e4 c6 2. c4 e5 3. Nf3 d6 4. d4 Qc7 5. Nc3 Nf6 6. Be2 Be7 7. O-O O-O 8. Bg5
h6 9. Bxf6 Bxf6 10. d5 c5 11. a4 Na6 12. Ne1 Qe7 13. Nc2 Bg5 14. Bg4 f5 15.
Bxf5 Bxf5 16. exf5 Rxf5 17. Ne4 Nc7 18. Na3 a6 19. Nb1 Raf8 20. Nbc3 Ne8 21.
Ra3 Be3 22. Qe2 Bd4 23. Rb3 Qc7 24. a5 Bxc3 25. Nxc3 Nf6 26. Qc2 g6 27. Ne4
Nxe4 28. Qxe4 Qf7 29. Qe2 Rf4 30. Rb6 Qc7 31. Qc2 Kg7 32. Qb3 R8f7 33. f3 e4
34. Qc3+ Kh7 35. Qe3 Qe7 36. Rb3 Qe5 37. g3 Rxf3 38. Rxf3 exf3 39. Qxe5 dxe5
40. Re3 Kg7 41. Rxe5 f2+ 42. Kf1 Rf3 43. Re7+ Kf6 44. Rxb7 Rd3 45. Kxf2 Rd2+
46. Kg1 Rd1+ 47. Kg2 Rd2+ 48. Kh3 g5 49. Rb6+ Ke7 50. Rxh6 Rxb2 51. Rxa6 Rb4
52. Re6+ Kd7 53. Re4 Ra4 54. Kg4 Rxa5 55. Kxg5 Ra2 56. h4 1-0

[Event "8. Lovsprings EMT Basis 2 1996"]
[Site "Ringsted"]
[Date "1996.03.15"]
[Round "2"]
[White "Petersen, Jesper"]
[Black "Riise, Kim"]
[Result "1/2-1/2"]
[WhiteElo "1634"]
[BlackElo "1470"]
[PlyCount "132"]
[EventDate "1996.??.??"]

1. d4 Nf6 2. c4 g6 3. Nc3 Bg7 4. e4 d6 5. Nf3 O-O 6. Be2 Nc6 7. O-O e5 8. Bg5
h6 9. Be3 Nh7 10. d5 Ne7 11. Qd2 g5 12. h4 f5 13. exf5 Nxf5 14. hxg5 Nxe3 15.
Qxe3 Nxg5 16. Nxg5 Qxg5 17. Nb5 Rf7 18. Rac1 a6 19. Nc3 Bf5 20. b4 Bg6 21. c5
Bf6 22. cxd6 cxd6 23. Qb6 Rd8 24. b5 Qf4 25. bxa6 bxa6 26. Bxa6 Qd4 27. Qxd4
exd4 28. Ne2 Ra7 29. Bc4 Bg5 30. Rcd1 Bf6 31. Bb3 Bh5 32. f3 Rg7 33. Nxd4 Bxd4+
34. Rxd4 Rf8 35. Kf2 Kh8 36. Re4 Bf7 37. Re7 Rg5 38. Rd7 Bxd5 39. Rxd6 Bxb3 40.
axb3 Rb5 41. Rxh6+ Kg7 42. Re6 Rxb3 43. Rfe1 Rg8 44. g4 Rf8 45. R6e3 Rb2+ 46.
Kg3 Ra8 47. Re7+ Kf8 48. g5 Raa2 49. Kg4 Rg2+ 50. Kf5 Ra5+ 51. R1e5 Rxe5+ 52.
Rxe5 Ra2 53. f4 Ra6 54. Re6 Ra5+ 55. Kf6 Kg8 56. g6 Ra8 57. f5 Rb8 58. g7 Ra8
59. Re7 Ra6+ 60. Kg5 Rg6+ 61. Kf4 Rxg7 62. Re8+ Kf7 63. Rb8 Rg1 64. Rb7+ Kf6
65. Rb6+ Kf7 66. Rb4 Kf6 1/2-1/2

[Event "8. Lovsprings EMT Basis 2 1996"]
[Site "Ringsted"]
[Date "1996.03.22"]
[Round "3"]
[White "Jensen, Arne Skov"]
[Black "Kristensen, Benny"]
[Result "0-1"]
[WhiteElo "1540"]
[BlackElo "1523"]
[PlyCount "56"]
[EventDate "1996.??.??"]

1. c4 Nf6 2. g3 g6 3. Bg2 Bg7 4. Nc3 c5 5. b3 Nc6 6. Bb2 O-O 7. Nd5 e6 8. Nc3
d5 9. cxd5 exd5 10. Nf3 d4 11. Na4 Qd6 12. Ba3 b6 13. O-O Rb8 14. e3 dxe3 15.
dxe3 Qxd1 16. Raxd1 Ba6 17. Rfe1 Nb4 18. Bxb4 cxb4 19. Rd4 Rbc8 20. Bf1 Bb7 21.
Nh4 Ne4 22. Rc4 Rxc4 23. Bxc4 Nc3 24. Nxc3 bxc3 25. Bd3 Rd8 26. Bc2 Rd2 27. Rc1
Rxc2 28. Rxc2 Be4 0-1

[Event "8. Lovsprings EMT Basis 2 1996"]
[Site "Ringsted"]
[Date "1996.03.22"]
[Round "3"]
[White "Jorgensen, Morten"]
[Black "Kroyer, Stefan M"]
[Result "1/2-1/2"]
[WhiteElo "1461"]
[BlackElo "1497"]
[PlyCount "62"]
[EventDate "1996.??.??"]

1. d4 d5 2. c4 c6 3. cxd5 cxd5 4. Nc3 Nc6 5. g3 Nf6 6. Bg2 Bf5 7. a3 e6 8. Nf3
Be7 9. O-O O-O 10. Nh4 Bg6 11. Nxg6 fxg6 12. Bf4 Qb6 13. b4 Qxd4 14. Nb5 Qxd1
15. Rfxd1 Rac8 16. Bh3 Kf7 17. Nc7 Nd8 18. Nxd5 Nxd5 19. Rxd5 Rc2 20. Rd2 Rxd2
21. Bxd2 Nc6 22. e3 Bf6 23. Ra2 Ne5 24. Bg2 b6 25. Rc2 Rd8 26. Be1 Rd1 27. Kf1
Ke7 28. Rc7+ Kd8 29. Rxa7 Ra1 30. Ke2 Ra2+ 31. Kf1 Ra1 1/2-1/2

[Event "8. Lovsprings EMT Basis 2 1996"]
[Site "Ringsted"]
[Date "1996.03.22"]
[Round "3"]
[White "Nielsen, Carl Otto"]
[Black "Hansen, Jens Boysen"]
[Result "1-0"]
[WhiteElo "1658"]
[BlackElo "1649"]
[PlyCount "65"]
[EventDate "1996.??.??"]

1. d4 d5 2. c4 dxc4 3. Nf3 e6 4. e3 Bb4+ 5. Nc3 Bxc3+ 6. bxc3 Ne7 7. Bxc4 a6 8.
a4 O-O 9. Ba3 Re8 10. e4 Ng6 11. e5 Nd7 12. O-O Nb6 13. Bd3 Nh4 14. Nxh4 Qxh4
15. g3 Qd8 16. Re1 f5 17. exf6 Qxf6 18. Bxh7+ Kh8 19. Qh5 Qh6 20. Qxe8+ Kxh7
21. Re4 Bd7 22. Qf7 Be8 23. Qxe6 Qxe6 24. Rxe6 Nxa4 25. Rae1 Bc6 26. c4 Nb6 27.
d5 Bd7 28. Re7 Rd8 29. Bb2 Nxc4 30. Rxg7+ Kh6 31. Ree7 Bb5 32. Bc1+ Kh5 33.
Rg5+ 1-0

[Event "8. Lovsprings EMT Basis 2 1996"]
[Site "Ringsted"]
[Date "1996.03.22"]
[Round "3"]
[White "Paustian, Dennis"]
[Black "Jensen, Dan Bronnum"]
[Result "0-1"]
[WhiteElo "1517"]
[BlackElo "1492"]
[PlyCount "120"]
[EventDate "1996.??.??"]

1. Nf3 c5 2. e4 Nc6 3. d4 cxd4 4. Nxd4 Nf6 5. Nc3 e6 6. a3 Qa5 7. Nb3 Qd8 8.
Bd3 Be7 9. O-O O-O 10. Be3 d5 11. exd5 Nxd5 12. Nxd5 Qxd5 13. Qe2 Qd8 14. Rad1
Qc7 15. Nd4 Nxd4 16. Bxd4 Bd6 17. Qh5 f5 18. Rfe1 e5 19. Bc3 Rf6 20. Qe8+ Rf8
21. Qh5 Bd7 22. g4 Be8 23. Qg5 h6 24. Qh4 e4 25. Bf1 Be7 26. Qh3 Bg6 27. gxf5
Rxf5 28. Bg2 Bc5 29. Rf1 Raf8 30. Bxe4 Rg5+ 31. Bg2 Bf5 32. Qf3 Kh8 33. Rd2 Bd7
34. Rxd7 Qxd7 35. Qd3 Qg4 36. Qg3 Qxg3 37. hxg3 Rxg3 38. Kh2 Rg5 39. f4 Rh5+
40. Kg3 Rhf5 41. Bxb7 Bd6 42. Bd2 Rb5 43. Be4 Rxb2 44. a4 Ra2 45. a5 Ra4 46.
Bg6 Bc7 47. Kg4 Bxa5 48. Be3 Bb6 49. Bd2 Rf6 50. Kh5 Rd4 51. Re1 Rf8 52. Re2
Bc7 53. Be3 Rd5+ 54. f5 Re5 55. Kg4 Bb6 56. Kf3 Bxe3 57. Rxe3 Rxe3+ 58. Kxe3
Rc8 59. Kd3 Kg8 60. c4 Kf8 0-1

[Event "8. Lovsprings EMT Basis 2 1996"]
[Site "Ringsted"]
[Date "1996.03.22"]
[Round "3"]
[White "Riise, Kim"]
[Black "Andersson, Martin"]
[Result "1/2-1/2"]
[WhiteElo "1470"]
[BlackElo "1611"]
[PlyCount "88"]
[EventDate "1996.??.??"]

1. Nf3 Nf6 2. d4 d6 3. g3 Nbd7 4. Bg2 g6 5. c4 Bg7 6. Nc3 O-O 7. O-O a6 8. e4
e5 9. d5 Ne8 10. Be3 Ndf6 11. Qc1 Bd7 12. Bh6 b5 13. Bxg7 Kxg7 14. cxb5 axb5
15. Nd2 b4 16. Nd1 Bb5 17. Re1 Nd7 18. a3 bxa3 19. bxa3 Nc5 20. Bf1 Bxf1 21.
Rxf1 Nf6 22. Nc3 Qd7 23. Qc2 Ra7 24. Nb3 Nxb3 25. Qxb3 Raa8 26. Rfb1 Qg4 27.
Qc4 h5 28. Kg2 Ra7 29. f3 Qd7 30. a4 Rfa8 31. Rb4 g5 32. Nb5 Rb7 33. Qc6 Rab8
34. Qxd7 Nxd7 35. Rc4 Nc5 36. Rf1 Ra8 37. Nc3 Rb6 38. Nb5 Rxa4 39. Rxa4 Nxa4
40. Nxc7 Nc5 41. Ne8+ Kg6 42. Ra1 g4 43. Ra3 f6 44. Rc3 Rb2+ 1/2-1/2

[Event "8. Lovsprings EMT Basis 2 1996"]
[Site "Ringsted"]
[Date "1996.03.22"]
[Round "3"]
[White "Svava, Mogens"]
[Black "Jorgensen, Mikkel"]
[Result "1/2-1/2"]
[WhiteElo "1598"]
[BlackElo "1600"]
[PlyCount "156"]
[EventDate "1996.??.??"]

1. b3 Nf6 2. Bb2 d5 3. d4 Bf5 4. Nf3 e6 5. Nh4 Bg6 6. g3 Bd6 7. Bg2 Nbd7 8. O-O
c6 9. Nd2 Bh5 10. Nhf3 h6 11. Ne5 Bc7 12. Nd3 g5 13. f3 Bg6 14. Nf2 Nb6 15. Rc1
h5 16. e4 h4 17. g4 Bf4 18. Qe2 dxe4 19. fxe4 Qc7 20. e5 Nfd5 21. Nd1 Nb4 22.
Rxf4 gxf4 23. Ne4 Bxe4 24. Qxe4 Nxa2 25. Ra1 Nb4 26. c4 Na6 27. Qxf4 O-O-O 28.
Ne3 Kb8 29. Bc3 Qe7 30. Ba5 Rd7 31. Bxb6 axb6 32. Bxc6 bxc6 33. Rxa6 Kb7 34.
Ra4 Ra8 35. Rxa8 Kxa8 36. Qe4 Kb7 37. d5 cxd5 38. cxd5 exd5 39. Nxd5 Qc5+ 40.
Ne3+ Kb8 41. Kg2 Rd2+ 42. Kf3 Qc1 43. Qb4 Qh1+ 44. Kf4 Qxh2+ 45. Ke4 Qh1+ 46.
Kf4 Rf2+ 47. Kg5 Qc6 48. Qf8+ Kb7 49. Qe7+ Ka6 50. Qa3+ Kb7 51. Qe7+ Kc8 52.
Qf8+ Kd7 53. Kxh4 Qg6 54. Kg3 Rd2 55. Nf5 Qe6 56. Kf4 Rd1 57. Qb4 Rf1+ 58. Ke4
Qc6+ 59. Kd3 Qd5+ 60. Nd4 Rf3+ 61. Kd2 Rf4 62. Qa4+ Kd8 63. Kc3 Qxe5 64. Qa8+
Kd7 65. Qc6+ Ke7 66. Qxb6 Rxg4 67. Qb7+ Kf6 68. Qf3+ Kg5 69. Qf2 Rg3+ 70. Kc4
Qc7+ 71. Kd5 Qd7+ 72. Kc4 Qc7+ 73. Kd5 Qb7+ 74. Ke5 Qc7+ 75. Kd5 Qd8+ 76. Kc4
Qc7+ 77. Kd5 Qd7+ 78. Kc4 Qc7+ 1/2-1/2

[Event "8. Lovsprings EMT Basis 2 1996"]
[Site "Ringsted"]
[Date "1996.03.29"]
[Round "4"]
[White "Birk, Birger"]
[Black "Andersson, Martin"]
[Result "1-0"]
[WhiteElo "1543"]
[BlackElo "1611"]
[PlyCount "85"]
[EventDate "1996.??.??"]

1. e4 c6 2. d3 d5 3. Nd2 dxe4 4. dxe4 Nf6 5. Ngf3 Bg4 6. Bc4 e6 7. c3 Nbd7 8.
O-O Ne5 9. Qb3 Bxf3 10. Nxf3 Nxf3+ 11. gxf3 Qb6 12. Qc2 Be7 13. b4 O-O 14. Be3
Qc7 15. a4 c5 16. b5 b6 17. Kg2 Nh5 18. Rg1 Bd6 19. Rad1 Nf4+ 20. Kh1 Ng6 21.
Rg4 Ne5 22. Rdg1 Nxg4 23. Rxg4 g6 24. h4 h5 25. Rg2 Be7 26. f4 Bf6 27. f5 Qe5
28. fxg6 Kg7 29. f4 Qxc3 30. gxf7+ Kxf7 31. Qe2 Rh8 32. f5 Ke7 33. Bxe6 Qa1+
34. Rg1 Qxa4 35. Bg5 Bxg5 36. Rxg5 Rhg8 37. Rxg8 Rxg8 38. Bxg8 Qa1+ 39. Kh2
Qe5+ 40. Kg1 Qg7+ 41. Qg2 Qd4+ 42. Kh2 Qe5+ 43. Kh3 1-0

[Event "8. Lovsprings EMT Basis 2 1996"]
[Site "Ringsted"]
[Date "1996.03.29"]
[Round "4"]
[White "Jensen, Dan Bronnum"]
[Black "Nielsen, Carl Otto"]
[Result "1/2-1/2"]
[WhiteElo "1492"]
[BlackElo "1658"]
[PlyCount "177"]
[EventDate "1996.??.??"]

1. c4 Nf6 2. Nc3 c5 3. Nf3 Nc6 4. g3 g6 5. Bg2 Bg7 6. O-O O-O 7. d3 d6 8. Rb1
Be6 9. a3 d5 10. cxd5 Nxd5 11. Ne4 b6 12. Neg5 Bc8 13. e4 Nc7 14. Ne1 h6 15.
Ngf3 Bb7 16. Bd2 Ne6 17. Qc1 Kh7 18. Bc3 Ncd4 19. Qd1 a5 20. Nc2 Ba6 21. Nfxd4
Nxd4 22. Ne3 Bxd3 23. Bxd4 Qxd4 24. Nc2 Qc4 25. Ne3 Qa6 26. Nd5 Ra7 27. Re1
Bxb1 28. Qxb1 e6 29. Ne3 Rd7 30. Bf1 Qb7 31. Nc4 e5 32. Bh3 Rd4 33. Ne3 Qxe4
34. Nc2 Qb7 35. Bg2 Qd7 36. Nxd4 exd4 37. Qd3 Re8 38. Rc1 h5 39. h4 Qe6 40. Bf3
f5 41. Qb5 Rd8 42. Bc6 Rd6 43. Bg2 f4 44. Qd3 fxg3 45. Qxg3 Qe5 46. Qf3 Rf6 47.
Qg3 Qf4 48. Rb1 Qxg3 49. fxg3 Re6 50. Kf1 Re3 51. Kf2 Be5 52. Bf3 Kg7 53. g4
hxg4 54. Bxg4 Bg3+ 55. Kg2 Bxh4 56. Kf1 Kf6 57. Bd7 Ke5 58. Bc6 g5 59. Rd1 g4
60. Rd2 Kd6 61. Bb5 Rf3+ 62. Kg1 g3 63. Bc4 Bg5 64. Re2 Be3+ 65. Kg2 Rf2+ 66.
Kxg3 Rxe2 67. Bxe2 Bc1 68. b3 Ke5 69. a4 Ke4 70. Kf2 d3 71. Bf3+ Kd4 72. Ke1
Kc3 73. Kd1 Be3 74. Bd5 Kb4 75. Bc4 d2 76. Kc2 Ka3 77. Be2 Bd4 78. Bc4 Bc3 79.
Be2 Kb4 80. Bc4 Ka3 81. Be2 Bd4 82. Bc4 Be3 83. Be2 Kb4 84. Bc4 Bf4 85. Be2
d1=Q+ 86. Bxd1 c4 87. bxc4 Kxc4 88. Be2+ Kb4 89. Bb5 1/2-1/2